000 00286nam a2200121Ia 4500
008 190216s9999||||xx |||||||||||||| ||und||
100 _aSheila Burnford
245 4 _aThe Incredible Journey
260 _bBi Pub
_c1983
300 _a150p
650 _aEnglish Short Stories
942 _cBK
999 _c13132
_d13132